000 00817nam a2200253 i 4500
001 bg
100 1 _aMAZUR, Eugeniusz
_d(1947- )
245 1 0 _aŚrodowisko przyrodnicze :
_bzagrożenie, ochrona i kształtowanie /
_cEugeniusz Mazur ; Uniwersytet Szczeciński.
250 _aWyd. 2 uzup.
260 _aSzczecin :
_bWydaw. Naukowe US,
_c2004.
300 _a218, [1] s. :
_bmapa, rys., tab. ;
_c24 cm.
504 _aBibliogr. s. 215-218.
650 9 _aDegradacja środowiska
650 9 _aOchrona środowiska
655 _aPodręczniki akademickie
020 _a8372413592
040 _cBPK
041 0 _apol
080 _a504(075.8)
920 _a83-7241-359-2
942 _cKS
008 s pl f |000 0 pol
999 _c44943
_d44943
856 _uhttp://koha.tu.koszalin.pl/cgi-bin/koha/opac-detail.pl?biblionumber=44943
_yKatalog online BPK